000 00617cam a22002173a 4500
001 34988
003 PGUSA
005 20140828083744.0
008 110117s2011||||xxu|||||s|||||000 | eng d
040 _aPGUSA
_beng
042 _adc
100 1 _aHastings, Wells,
_d1879-1923
245 1 4 _aThe Professor's Mystery
_h[electronic resource] /
_cWells Hastings
260 _bProject Gutenberg,
_c2011
506 _aPublic domain in the USA.
516 _aElectronic text
700 1 _aBooth, Hanson,
_d1885-1944
830 0 _aProject Gutenberg
_v34988
856 4 0 _uhttp://www.gutenberg.org/ebooks/34988
942 _cEB
999 _c264243
_d264243